NBA Dream Team - Statistics

General Stats
  • This quiz has been taken 72 times
  • The average score is 10 of 12
Answer Stats
They played for Answer % Correct
Bulls Michael Jordan
100%
Celtics Larry Bird
98%
Lakers Magic Johnson
97%
Jazz Karl Malone
95%
Jazz John Stockton
91%
Bulls Scottie Pippen
89%
Knicks Patrick Ewing
82%
Spurs David Robinson
80%
Blazers Clyde Drexler
78%
76ers Charles Barkley
63%
Duke Christian Laettner
54%
Warriors Chris Mullin
51%
No matching quizzes found
Score Distribution
Percent of People with Each Score
Percentile by Number Answered
Your Score History
You have not taken this quiz